[Event "EU-ch 4th"]
[Site "Istanbul"]
[Date "2003.06.10"]
[Round "10"]
[White "Moiseenko, Alexander"]
[Black "Gagunashvili, Merab"]
[Result "1-0"]
[WhiteElo "2627"]
[BlackElo "2580"]
[Annotator "Huebner,R"]
[PlyCount "57"]
[EventDate "2003.05.30"]
[EventType "swiss"]
[EventRounds "13"]
[EventCountry "TUR"]
[SourceTitle "CBM 096"]
[Source "ChessBase"]
[SourceDate "2003.09.25"]
[SourceVersion "1"]
[SourceVersionDate "2003.09.25"]
[SourceQuality "1"]

1. d4 d5 2. c4 c6 3. Nc3 Nf6 4. Nf3 dxc4 5. a4 Bf5 6. Nh4 Bd7 7. e3 b5 8. Nf3
e6 9. Ne5 a5 {Den Wert dieses Zuges und der ganzen Stellung einzuschätzen
fällt mir schwer. Ich begnüge mich daher damit, einige andere Beispiele
anzuführen:} (9... Bb4 10. axb5 (10. Qf3 O-O 11. axb5 Nd5 12. e4 {sieht
aussichtsreicher aus.}) 10... Nd5 11. bxc6 Nxc6 12. Bd2 Nxe5 13. dxe5 Bxc3 $11
{0-1 Kiseleva,N-Zhukova,N/Alushta 1999/EXT 2000 (35). (35)}) (9... a6 10. Qf3
Ra7 11. g4 Bd6 12. g5 Bxe5 13. dxe5 Nd5 14. Ne4 O-O 15. Bd2 $44 {1-0 Uralde,
O-Dominguez,C/ARG 2001/EXT 2003 (26). (25)}) 10. Qf3 Ra7 11. g4 h6 12. h4 Bb4
13. Bd2 Qe7 14. g5 hxg5 ({Nach} 14... Nd5 15. gxh6 gxh6 16. Rg1 {erhält Weiß
ebenfalls Angriff am Königsflügel, ohne daß Schwarz zum erleichternden
Turmtausch gekommen ist.}) 15. hxg5 Rxh1 16. Qxh1 Nd5 17. g6 f6 18. Nf7 Bxc3 {
Es gefällt mir gar nicht, daß Schwarz seinen schwarzfeldrigen Läufer ohne
Zwang abtauscht und anschließend auch noch die Stellung öffnet. Es ist
allerdings nicht einfach, ein entlastendes Manöver vorzuschlagen.} (18... Qf8 {
mit der Absicht Sd5-e7 kommt in Betracht.}) 19. bxc3 e5 $2 (19... Qf8 {muß
versucht werden, obwohl Schwarz nach} 20. e4 Ne7 21. Nd6+ Kd8 22. Qh5 {in
großen Schwierigkeiten steckt:} Nxg6 23. Qc5 Ra6 24. Be2 {, und die Drohung
Le2-h5 hat entscheidende Kraft.}) 20. axb5 exd4 21. Qh8+ (21. Qh2 Rc7 (21...
Ra8 22. Rxa5 $18) 22. b6 dxc3 23. Bc1 {gewinnt noch einfacher.}) 21... Qf8 22.
Qh2 Ra8 23. Bxc4 (23. Rxa5 {schlägt hier nicht durch:} Rxa5 24. Qxb8+ Ke7 {
, und Weiß hat nicht mehr als remis.}) (23. b6 {führt dagegen auch zum Gewinn:}
Nxb6 (23... Na6 24. b7 Rb8 25. Bxc4 dxc3 26. Bxc3 {usw.}) (23... Bc8 24. Nd6+
Ke7 25. b7 Bxb7 26. Nxb7 {usw.}) 24. Qc7 {usw.}) 23... dxe3 (23... dxc3 24. Bc1
c2 (24... Nb4 25. b6 N8a6 26. Rxa5 {, und Weiß gewinnt.}) 25. Nd6+ Kd8 26. Bxd5
cxd5 27. Ba3 {überlebt Schwarz auch nicht lange.}) 24. fxe3 Be6 25. e4 (25.
Rxa5 {ist hier wieder gesund:} Rxa5 26. Qxb8+ Ke7 27. Qd6+ Ke8 28. Qd8#) 25...
Qe7 26. bxc6 Nxc6 27. exd5 (27. Qh8+ {tut's auch.}) 27... Bxf7+ 28. Kf1 Bg8 29.
Bb5 1-0

[Event "Montecatini Terme"]
[Site "Montecatini Terme"]
[Date "2000.07.28"]
[Round "1"]
[White "Ivanchuk, Vassily"]
[Black "Bareev, Evgeny"]
[Result "1/2-1/2"]
[WhiteElo "2719"]
[BlackElo "2702"]
[Annotator "Huebner,R/Bareev"]
[PlyCount "134"]
[EventDate "2000.07.28"]
[EventType "tourn"]
[EventRounds "7"]
[EventCountry "ITA"]
[EventCategory "17"]
[SourceTitle "CBM 079"]
[Source "ChessBase"]
[SourceDate "2000.11.21"]
[SourceVersion "1"]
[SourceVersionDate "2000.11.21"]
[SourceQuality "1"]

1. d4 d5 2. c4 c6 3. Nf3 Nf6 4. Nc3 dxc4 5. a4 Bf5 6. Ne5 e6 7. f3 Bb4 8. e4
Bxe4 9. fxe4 Nxe4 10. Bd2 Qxd4 11. Nxe4 Qxe4+ 12. Qe2 Bxd2+ 13. Kxd2 Qd5+ 14.
Kc2 Na6 15. Nxc4 O-O 16. Qe5 Rab8 {Dies ist ein listiger Zug, der bisher
vielleicht nicht genügend gewürdigt worden ist. Wenn Weiß die Damen auf d5
tauscht, so ist es nützlich, daß der b-Bauer in dem entstehenden Endspiel
schon gedeckt ist (nach Nc4-d6 oder Nc4-a5). Für den Fall, daß Weiß den
Damentausch meidet, kann Schwarz nach b7-b5, a4xb5 zu einem heftigen Angriff
kommen, indem er mit dem Turm auf b5 zurückschlägt.} 17. a5 $5 $146 {[%mdl 8]
Dieser Zug ist neu und hat einiges für sich. Obwohl Schwarz ins Endspiel
übergehen kann, ohne daß der Springer des Weißen nach d6 gelangt, werden seine
Angriffsmöglichkeiten (mit ...b7-b5) am Damenflügel stark eingeschränkt.} (17.
Be2 f6 (17... Nb4+ 18. Kb3 b5 19. axb5 Rxb5 20. Qxd5 cxd5 21. Ne3 Rb7 22. Kc3
Nc6 23. Nd1 Rc8 $15 {Malaniuk,V-Milov,L/ Simferopol/Alushta 1992/ 1/2-1/2 (65)}
) 18. Qxd5 (18. Qe3 Nb4+ $17 {gefolgt von ...b7-b5 sieht für Weiß zu
gefährlich aus.}) 18... cxd5 19. Nd6 (19. Na5 Rfc8+ 20. Kd2 Nc5 $15 {ist für
Weiß ungünstig.}) (19. Nd2 Rfc8+ 20. Kb3 Nc5+ 21. Kb4 {war aber vielleicht
solider als der Textzug.}) 19... Nb4+ 20. Kb1 (20. Kb3 {überläßt dem Schwarzen
Vorteil:} Nc6 21. Rad1 a6 22. Bg4 f5 23. Bxf5 exf5 24. Rxd5 $17) (20. Kc3 Nc6
21. Nb5 {sieht aber folgerichtiger aus.}) 20... a6 21. Ra3 Nc6 22. Rc1 Nd4 23.
Bf1 Rfd8 24. Rd3 e5 25. Rxd4 exd4 26. Nf5 g6 27. Nxd4 $14 {Sergejev,R-Haba,P/
EU-chT Pula 1997/ 1/2-1/2 (105)}) 17... Rfd8 (17... f6 $5 {Bareev} 18. Qxd5
cxd5 19. Nd6 $13) 18. Be2 f6 19. Qxd5 {Es ist nicht besser, dem Damentausch
auszuweichen.} ({Nach} 19. Qe3 Qf5+ 20. Kb3 ({Die Fortsetzung} 20. Kc3 Nc7 21.
Kb3 b5 {sieht für Weiß nicht angenehm aus.}) 20... b5 (20... Qb5+ {ist auch
spielbar.}) 21. axb6 Nc5+ {steht der König des Weißen in der frischen Luft.})
19... cxd5 20. Nd2 Kf7 $5 21. Rhc1 Rdc8+ 22. Kd1 Ke7 23. Nb3 (23. Rxc8 {Bareev}
Rxc8 24. Bxa6 bxa6 25. Rc1 Rxc1+ 26. Kxc1 Kd6 27. b4 $14 {/ +/-}) 23... e5 24.
Rc3 Rxc3 25. bxc3 Nc7 26. c4 dxc4 (26... d4 $5 {Bareev}) 27. Bxc4 $14 Rd8+ 28.
Ke2 Nd5 29. g3 Nc3+ 30. Ke3 Nd1+ 31. Kf3 Nb2 32. Bf1 Rc8 33. Nd2 Rc2 34. Ke3 f5
35. Rb1 f4+ 36. gxf4 exf4+ 37. Ke2 b6 (37... g5 $5 {Bareev}) 38. axb6 axb6 39.
Ke1 g5 40. Ra1 g4 (40... h5 {Bareev} 41. Ra7+ Kf6 42. Rb7 Rc6 43. Bb5 Re6+ 44.
Kf1 Ke5 45. Rh7 $14) 41. Ra7+ Kd6 42. Bb5 (42. Rxh7 {Bareev} Rc1+ 43. Ke2 Rc2
$11) 42... Rc1+ 43. Ke2 Rh1 44. Rxh7 g3 45. Ne4+ (45. Nf3 {Bareev} Nd1 (45...
gxh2 46. Nxh2 Kc5 47. Rh5+ Kb4 48. Bc6 Rc1 $14) 46. Rh6+ Kc5 47. Bd3 b5 48.
Rh5+ Kd6 49. Rh4 Nc3+ 50. Kd2 gxh2 51. Nxh2 b4 $11) 45... Ke6 (45... Ke5 {
Bareev} 46. Re7+ Kd4 47. hxg3 $11) 46. Kf3 (46. Bd7+ {Bareev} Kd5 47. Rh5+ Kd4
48. Nxg3 (48. Ng5 $11) 48... fxg3 49. Rh4+ $8 Kc3 50. hxg3 $11) 46... Rxh2 $11
47. Rd7 Ke5 48. Re7+ Kd4 49. Bf1 Rh1 50. Rd7+ Ke5 51. Bg2 Rh6 52. Ng5 Nc4 53.
Nf7+ Ke6 54. Rd4 Kxf7 55. Rxc4 Ke7 56. Rc7+ Kd6 57. Rf7 Ke5 58. Re7+ Re6 59.
Rh7 Rf6 60. Bh3 Kd5 61. Rh5+ Kd4 62. Bf5 b5 63. Kxf4 g2 64. Rg5 b4 65. Rxg2 b3
66. Kg5 Rxf5+ 67. Kxf5 Kc3 1/2-1/2

[Event "Munich SKA"]
[Site "Munich"]
[Date "1993.??.??"]
[Round "5"]
[White "Jussupow, Artur"]
[Black "Hertneck, Gerald"]
[Result "1-0"]
[WhiteElo "2645"]
[BlackElo "2575"]
[Annotator "Jussupow,A"]
[PlyCount "55"]
[EventDate "1993.05.??"]
[EventType "tourn"]
[EventRounds "11"]
[EventCountry "GER"]
[EventCategory "16"]
[SourceTitle "CBM 036"]
[Source "ChessBase"]
[SourceDate "1993.10.01"]
[SourceVersion "1"]
[SourceVersionDate "1993.10.01"]
[SourceQuality "1"]

1. d4 d5 2. c4 c6 3. Nf3 Nf6 4. Nc3 dxc4 5. a4 Bf5 6. Ne5 e6 7. f3 Bb4 8. Bg5
h6 9. Bh4 c5 10. dxc5 Qxd1+ (10... Qa5) (10... Qd5) 11. Kxd1 (11. Rxd1 Bc2 $1)
11... Nbd7 12. Nxd7 (12. Nxc4 $6 O-O 13. e4 Bh7 14. c6 bxc6 15. Bd3 Nh5 $15 {
Conquest-Khalifman/Dordrecht/1987}) 12... O-O-O 13. e4 Rxd7+ 14. Kc2 Bh7 15.
Bxc4 (15. c6 bxc6 16. Bxc4 Bd6 (16... Kb7 17. Rhd1 Rhd8 18. Rxd7+ Rxd7 19. a5
Bd6 20. Bg3 $14 {Miles-Torre/Zagreb/1987}) 17. Bd3 Nh5 18. Ne2 g5 19. Bf2 f5
$10 {Gulko-Anikaev/Volgodonsk USSR ch(1l)/1981}) 15... Bxc5 (15... Rhd8 16.
Rad1 (16. a5 $5) (16. Kb3 $5) 16... Rxd1 17. Rxd1 Rxd1 18. Nxd1 $10 {
Zilberstein-Sveshnikov/USSR/1974}) (15... a5 16. c6 $5 $14) 16. a5 (16. Kb3 a5
$5) 16... g5 17. Bg3 Nh5 $6 $146 (17... Rhd8 18. Kb3 (18. Na4 Bd6) 18... Nh5
19. Na4 (19. Be5 $5 $14) 19... Nxg3 20. hxg3 Bf8 $10 {Yusupov-Bareev/Paris
Immopar (25')/1992}) 18. Bb5 $1 Re7 (18... Rdd8 19. Kb3 (19. Na4 Nxg3 20. hxg3
Bf8 $14) 19... Nxg3 20. hxg3 Bf8 21. a6 $5 $16) 19. Be5 f6 (19... Rd8 20. h4 $1
$16 {Hertneck} (20. Ra4 Bd6 21. Rc4+ Rc7 22. Bxd6 Rxd6 23. Rxc7+ Kxc7 24. Be8
$16)) 20. Na4 $16 fxe5 $8 (20... Bb4 $2 21. Nb6+ axb6 22. axb6 $18) 21. Nxc5
Nf4 (21... Rc7 22. b4 $16) (21... a6 $142 $16) 22. Rhc1 $1 Nxg2 $2 (22... a6
$142 23. Bf1 $16) 23. Kb3 $40 {/\Na6} Rc7 (23... Kb8 24. Nd7+ Ka8 25. Rc7 $18)
24. a6 b6 $8 (24... bxa6 25. Bxa6+ (25. Nxa6 Rxc1 26. Rxc1+ Kb7 27. Rc7+ Kb6
28. Kb4 $18) 25... Kb8 26. Bf1 $18 {Hertneck}) 25. Nd7 $1 (25. Nxe6 Rxc1 26.
Rxc1+ Kb8 27. Rc7 Bg8 28. Rb7+ Ka8 29. Bc4 Bxe6 30. Bxe6 Nf4 31. Bd5 Rc8 $16)
25... g4 (25... Nh4 26. Nxb6+ $1 Kd8 (26... axb6 27. a7 $18) 27. Rxc7 Kxc7 28.
Rc1+ $3 Kd6 (28... Kxb6 29. Kb4 $18 {/\Rc6}) 29. Nc8+ $18) 26. Nxe5 $18 (26.
Nxb6+ Kd8 27. Rxc7 Kxc7 28. Rc1+ Kd6 29. Nc8+ Rxc8 30. Rxc8 gxf3 $16) 26... Rf8
(26... Rg8 27. Rxc7+ (27. Nc6 $18 {/\Ne7,Na7}) 27... Kxc7 28. Rc1+ Kd6 29. Nxg4
$18) (26... gxf3 27. Rxc7+ Kxc7 28. Rc1+ Kd6 29. Nf7+ $18) 27. Rxc7+ $1 Kxc7
28. Rd1 $1 $18 (28. Rd1 Rd8 29. Rc1+ $18 {Yusupov}) 1-0

[Event "Bundesliga 9900"]
[Site "Germany"]
[Date "2000.04.08"]
[Round "14.4"]
[White "Knaak, Rainer"]
[Black "Teske, Henrik"]
[Result "1-0"]
[WhiteElo "2505"]
[BlackElo "2510"]
[Annotator "Knaak,R"]
[PlyCount "87"]
[EventDate "1999.10.09"]
[EventType "team-tourn"]
[EventRounds "15"]
[EventCountry "GER"]
[SourceTitle "CBM 076"]
[Source "ChessBase"]
[SourceDate "2000.05.31"]
[SourceVersion "1"]
[SourceVersionDate "2000.05.31"]
[SourceQuality "1"]
[WhiteTeam "Werder Bremen"]
[BlackTeam "Tegernsee"]
[WhiteTeamCountry "GER"]
[BlackTeamCountry "GER"]

1. d4 d5 2. c4 c6 3. Nf3 Nf6 4. Nc3 dxc4 5. a4 Bf5 6. Nh4 Be6 $5 {Von jetzt an
sind beide Spieler ohne Theoriekenntnisse.} 7. e4 g6 8. Nf3 Bg7 9. Ng5 Qd7 10.
Be2 ({Gleich} 10. e5 {kommt in Frage.}) 10... O-O 11. O-O Na6 {Beide Spieler
schätzten ihre Position als sehr günstig ein - sicheres Indiz für eine
ausgeglichene Stellung.} 12. Nxe6 Qxe6 13. e5 Nd5 14. Ne4 (14. Ra3 $5) 14...
Ndb4 15. Ng5 Qd5 16. Be3 Rac8 $6 ({Besser} 16... Rad8) 17. Bf3 Qa5 (17... Qd7
18. Be4 Nd5 19. e6 fxe6 20. Nxh7 $40) 18. Qe2 {Danach ist der Vorteil weg.} (
18. Be4 $1 {/\} Z0 19. Qg4 {war richtig.}) 18... Nd3 $5 {Den hatte ich
unterschätzt.} 19. b3 c5 20. Bd2 Qc7 (20... c3 21. Qxd3 cxd2 22. Bxb7 Nb4 23.
Qh3 h6 24. Bxc8 hxg5 25. Rad1 $16) 21. bxc4 Ndb4 22. Rab1 h6 23. Nh3 e6 (23...
Nc6 24. Bxc6 bxc6 25. Bc3 cxd4 26. Bxd4 $14) 24. d5 $5 exd5 (24... Bxe5 {
ist nicht ganz abwegig.}) 25. e6 dxc4 26. Qxc4 fxe6 27. Nf4 Qf7 28. Bg4 Nc7 29.
Qxc5 Nbd5 30. Nxd5 $2 (30. Nxe6 $1 {Den Zug sah ich zwar, aber ich fürchtete}
Nf6 (30... Nxe6 31. Qxd5 Rc6 $16) {Das simple} 31. Nxf8 {entging mir irgend
wie.}) 30... Nxd5 $11 31. Qxa7 b6 32. Qa6 Kh7 33. Qe2 Rc6 34. Bf3 Bd4 35. h4
Nc3 36. Bxc3 Rxc3 37. h5 gxh5 (37... Kg7 $5) 38. Qe4+ Qg6 39. Qxd4 Rcxf3 40.
Rxb6 R3f6 $2 $138 (40... R3f4 $11) 41. a5 R8f7 42. a6 Rf4 (42... e5 43. Rxf6
Rxf6 44. Qd7+ Rf7 45. Qd5 $16) 43. Qe3 Rg4 $2 (43... Re4 44. Qh3 $16) 44. Rxe6
(44. Rxe6 Rxg2+ 45. Kh1 $18) 1-0

[Event "EU-chT (Men) 17th"]
[Site "Novi Sad"]
[Date "2009.10.23"]
[Round "2"]
[White "L'Ami, Erwin"]
[Black "D'Amore, Carlo"]
[Result "1-0"]
[WhiteElo "2606"]
[BlackElo "2489"]
[Annotator "L'Ami,E"]
[PlyCount "69"]
[EventDate "2009.10.22"]
[EventType "team-swiss"]
[EventRounds "9"]
[EventCountry "YUG"]
[SourceTitle "CBM 133"]
[Source "ChessBase"]
[SourceDate "2009.11.19"]
[SourceVersion "1"]
[SourceVersionDate "2009.11.19"]
[SourceQuality "1"]
[WhiteTeam "Netherlands"]
[BlackTeam "Italy"]
[WhiteTeamCountry "NED"]
[BlackTeamCountry "ITA"]

{A game between Friendship and Love, naturaly both players felt very inspired!
} 1. d4 d5 2. c4 c6 3. Nf3 Nf6 4. Nc3 dxc4 5. a4 Bf5 6. Ne5 Nbd7 7. Nxc4 Qc7 8.
g3 e5 9. dxe5 Nxe5 10. Bf4 Nfd7 11. Bg2 g5 12. Bxe5 $5 ({Recent theory mainly
focuses on} 12. Ne3 {but the latest high-level game reveals that Black is in
excellent shape there;} gxf4 13. Nxf5 O-O-O 14. Qc2 Ng6 15. O-O Kb8 16. Rfc1 a5
17. b4 axb4 18. Nb5 Qe5 19. Nbd4 Bc5 20. Nb3 h5 21. Rab1 Ba7 22. Bxc6 fxg3 23.
hxg3 {(Carlsen-Wang Yue, Nanjing 2009) and here} Ne7 $1 {would have been very
unpleasant for White.}) 12... Nxe5 13. Qd4 f6 14. Ne3 Bg6 ({Sakaev's choice of
} 14... Be6 $5 {is a worthy alternative.}) 15. a5 $5 a6 ({I think the
following ending looks slightly better for White} 15... Qd6 16. Qxd6 Bxd6 17.
a6 O-O-O 18. axb7+ Kxb7 19. O-O $14 {Greenfeld-Bu Xiangzhi, Ohrid 2009}) 16.
O-O Qd6 {Logical, since the ending is pleasant for Black,; however, my queen
can escape.} 17. Qa4 Qb4 18. Qa2 $1 {Catch me if you can!} Bf7 19. Qb1 Bg6 20.
Qc1 {The queen-chase has come to and end and now that both f4 and Ra4 are on
the cards, it seems that Black is in trouble.} Rd8 ({An important point is
that the natural} 20... Be7 {runs into} 21. Ncd5 $1 {and now pressing the
space-bar is all that is required for the following lines;} cxd5 22. Nxd5 Qc5 (
{or} 22... Qg4 23. Qe3 $1 ({Simply threatening to take on e7 followed by f4.
Instead} 23. Nc7+ Kf7 24. Nxa8 Rxa8 25. Bxb7 Ra7 26. Bd5+ Kg7 {is messy.})
23... Bd8 (23... Kf7 24. Nxe7 Kxe7 25. f4 {winning back the piece.}) 24. f4
gxf4 (24... O-O 25. fxe5 Qe6 26. Nb6 {with a huge advantage.}) 25. Rxf4 (25.
gxf4 $5) 25... Qg5 (25... Qe6 26. Rxf6 $1) (25... Qd7 26. Rxf6 $1) 26. Qb3 $1
$16 {both threats on the king and the b7-pawn are hard to meet.}) (22... Qd6
23. Nc7+ Kf7 24. Rd1 Rac8 25. Rxd6 Bxd6 26. Qd1 Bxc7 27. Rc1 $1 {crushing.})
23. Nc7+ Kd7 (23... Kf7 24. Bd5+ {wins the queen.}) 24. Nxa8 Rxa8 25. Rd1+ Ke8
26. Qxc5 Bxc5 27. Rac1 Bb4 28. Bxb7 Rb8 29. Rc8+ Rxc8 30. Bxc8 {with a clearly
better ending.}) 21. f4 $1 {Of course!} gxf4 22. gxf4 Nd7 23. Ra4 Qb3 $2 ({
Now things move very fast, much tougher is} 23... Qc5 {pinning the e3-knight}
24. f5 Bf7 25. Re4+ Ne5 (25... Be7 26. b4 Qa7 27. Kh1 Ne5 28. Rxe5 $5 fxe5 29.
f6 Bxb4 30. Ne4 $44 {is highly aesthetic!}) 26. b4 Qa7 (26... Qd6 27. Ng4 h5 (
27... Bg7 28. Na4 {looks simply better for White.}) 28. Rxe5+ fxe5 29. Ne4 Qd4+
30. e3 Qc4 31. Ngf6+ Ke7 32. Qb2 $1 {again makes for a nice picture!}) 27. Na4
{and now:} Bd6 (27... Bd5 28. Rxe5+ $1 fxe5 29. Bxd5 (29. Nb6 $5) 29... Rxd5
30. Nb6 Rd4 31. f6 $1 {is winning.}) (27... Rd4 28. Rff4 $1 Rxe4 29. Rxe4 Bd5
30. Rxe5+ $1 fxe5 31. Nb6 $1 {Keeping the queen out of business.} Bxg2 32. Qc4
$1 Be7 33. Qe6 Rf8 34. Ng4 $1 Qb8 35. Qd7+ Kf7 36. f6 {winning back a lot of
material.}) 28. Nb6 ({Also} 28. Nc5 $5 O-O 29. Kh1 Bxc5 (29... Kh8 30. Ne6 $1)
30. bxc5 {looks very dangerous for Black. White will continue by exchanging
knights on g4, followed by combined pressure on the black king and queenside.
For example;} Qb8 31. Rb4 $1 ({the immediate} 31. Ng4 {fails to} Bd5) 31... Kh8
32. Qb2 Qc7 33. Ng4 Nxg4 34. Rxg4 $36) 28... O-O 29. Ng4 Bd5 30. Qh6 $1 {
with a strong initiative.}) 24. f5 Bf7 25. Re4+ Be7 26. Nc2 {Black seems to be
in great shape but a nasty suprise is awaiting.} Rg8 $6 ({Even if my opponent
had seen my next move, it is still not much fun to play} 26... Bg8) 27. Na1 $1
{Trapping the queen! The rest is easy.} Qb4 28. Rxb4 Bxb4 29. Ne4 Bd5 30. Ng3
Bf7 31. Nc2 Bxa5 32. Qe3+ Ne5 33. Ne4 Nc4 34. Nxf6+ Kf8 35. Qh6+ 1-0

[Event "Bundesliga 0607"]
[Site "Germany"]
[Date "2006.12.10"]
[Round "6.3"]
[White "Johannessen, Leif Erlend"]
[Black "L'Ami, Erwin"]
[Result "1/2-1/2"]
[WhiteElo "2551"]
[BlackElo "2593"]
[Annotator "L'Ami,E"]
[PlyCount "62"]
[EventDate "2006.10.28"]
[EventType "team-tourn"]
[EventRounds "15"]
[EventCountry "GER"]
[SourceTitle "CBM 116"]
[Source "ChessBase"]
[SourceDate "2007.02.01"]
[SourceVersion "1"]
[SourceVersionDate "2007.02.01"]
[SourceQuality "1"]
[WhiteTeam "Wattenscheid"]
[BlackTeam "Katernberg"]
[WhiteTeamCountry "GER"]
[BlackTeamCountry "GER"]

1. d4 d5 2. c4 c6 3. Nf3 Nf6 4. Nc3 dxc4 5. a4 Bf5 6. Ne5 Nbd7 {My opponent is
quite an expert in this line so I was interested to see what he had planned
for me.} 7. Nxc4 Qc7 8. g3 e5 9. dxe5 Nxe5 10. Bf4 Nfd7 11. Bg2 g5 12. Ne3 gxf4
13. Nxf5 O-O-O 14. Qc2 Nc5 15. O-O fxg3 ({Black's main move used to be} 15...
Ne6 {but in the game Johannessen-Shirov, Bundesliga 2004, White introduced a
strong piece sacrifice;} 16. Qe4 fxg3 17. hxg3 a5 18. Nb5 $1 cxb5 19. axb5 Nc5
20. Qe3 Ng4 21. Qc3 Qe5 22. Qf3 Qe4 (22... Nf6 23. Rxa5 Nce4 24. Ra8+ Kd7 25.
Rd1+ Bd6 26. Nxd6 Nxd6 27. Qxb7+ {isn't a happy picknick either.}) 23. Qxe4
Nxe4 24. Bxe4 Bb4 {and Black was lucky to escape with a draw later on. One
year later Shirov used the same 18.Nb5! to beat Harikrishna in Foros.}) 16.
hxg3 a5 17. Rfd1 h5 ({In the game Xu Jun-Gagunashvili, Calvia 2004 Black took
on d1 first before playing h5;} 17... Rxd1+ 18. Rxd1 h5 {but I prefer to have
the queen on f6 in this position.}) 18. Rxd8+ Qxd8 19. Rd1 Qf6 20. e4 ({
Less dangerous is} 20. Ne4 Nxe4 21. Qxe4 Bb4 {and Black should be OK.}) 20...
h4 $1 21. f4 Ng6 22. e5 Qe6 23. Ne2 $5 $146 ({Only now we deviate from the
known path. Black was doing well after} 23. Nd6+ $6 Bxd6 24. Rxd6 Qc4 25. Bf1
Qb4 26. Na2 Qb6 27. Kh2 hxg3+ 28. Kxg3 Ne6 $17 {Ivanchuk-Gelfand, Sochi 2005})
({Another sharp alternative is} 23. Ne4 Nxe4 24. Bxe4 hxg3 25. Nd4 Qe7 $1 (
25... Qe8 26. Nxc6 $1) 26. Bxg6 (26. Bxc6 Qc7 (26... bxc6 27. Qxc6+ Kb8 28.
Qb6+ Ka8 29. Ne6 $1 fxe6 30. Rd8+ Qxd8 31. Qxd8+ {wins.}) 27. Bd7+ Kb8 28.
Qxc7+ Kxc7 29. Nb5+ Kb8 {and White experiences problems holding on to his
pawns.}) (26. Nxc6 Qc5+ $1) 26... fxg6 27. Qxg6 Kb8 {and it looks as Black has
enough counterplay, for example} 28. Qe6 ({It's not possible to take the pawn:
} 28. Qxg3 Qh7 29. Kf2 Bc5 30. Ke3 Bxd4+ 31. Rxd4 Qh1 $1 {with Rh3 to follow.})
28... Rh2 (28... Qh4 {allow a forced mate in 11 which I would like to give you
as an exercise!}) 29. Qxe7 Bxe7 30. Ne6 Rxb2 31. f5 Re2 32. f6 Bb4 33. f7 Rxe5
34. f8=Q+ Bxf8 35. Nxf8 {is fine for Black.}) 23... hxg3 24. Nd6+ ({This leads
to a draw by force, let's take a look at the alternatives:} 24. Ned4 Qa2 25.
Qd2 Qxa4 26. Nb5 (26. Nxc6 bxc6 27. Qd8+ Kb7 28. b3 Qb4 29. Bxc6+ Kxc6 30. Nd4+
Kb7 (30... Qxd4+ 31. Rxd4 Ne6 32. Qd5+ Kb6 33. Rc4 Bc5+ 34. Rxc5 Nxc5 35. Qxf7
{wins material.}) 31. Qd5+ Kc7 32. Qc6+ Kb8 33. Qe8+ (33. Nb5 $6 Rh1+ 34. Kxh1
Qe4+ 35. Qxe4 Nxe4 {is problematic for White.}) 33... Kb7 34. Qc6+ Kb8 {
with a draw.}) {things are looking pretty dangerous but Black has a suprising
resource:} 26... Nd3 $1 27. Qxd3 $140 Bc5+ 28. Nbd4 (28. Kf1 Qxf4+ 29. Bf3 Rh1+
30. Kg2 Rh2+ 31. Kf1 g2+ {is mating.}) 28... Nxf4 {and White's position is
collapsing.}) ({Before the game I mainly concentrated on} 24. Rd6 $5 {and here
too, Black seems to be fine:} Bxd6 25. Nxd6+ Kb8 26. Qxc5 Qb3 $1 27. Qd4 (27.
Ne4 Nxf4 $1 28. Nxf4 Qd1+ 29. Bf1 Rh1+ (29... Qf3 $5) 30. Kxh1 Qxf1+ 31. Qg1
Qf3+ 32. Qg2 Qd1+ {with perpetual.}) 27... Rd8 $1 (27... Nh4 $5 28. e6 f6 29.
e7 Nf3+ 30. Bxf3 Qxf3 31. e8=Q+ Rxe8 32. Nxe8 Qxe2 33. Qd8+ {leads to a draw.})
28. f5 ({or} 28. Be4 Nh4 29. Qd3 Qxd3 30. Bxd3 Nf3+ 31. Kf1 f6 $1 {with a very
comfortable ending.}) 28... Nxe5 29. Qxe5 Qd1+ 30. Bf1 Qxd6 31. Qxa5 (31. Qxd6+
Rxd6 32. Nxg3 Rd1 {and White has to play accurately to make a draw.}) 31... Rg8
{and here I believe the position balances around a draw.}) 24... Bxd6 25. Rxd6
Qg4 26. Qxc5 Qxe2 27. Rxc6+ bxc6 ({Or} 27... Kb8 28. Qd6+ Ka7 29. Qc5+ {
with a draw.}) 28. Qxc6+ Kd8 29. Qb6+ Ke8 ({Certainly more precise then} 29...
Kd7 30. Bc6+ Ke7 31. Qc5+ Ke6 32. Qd6+ Kf5 33. Qf6+ Kg4 34. Qg5+ Kh3 35. Bd7+ {
and mate!}) 30. Qb8+ Kd7 31. Qd6+ Kc8 {an important game for the theory of
this line.} 1/2-1/2